000 00596nam a2200217Ia 4500
003 OSt
005 20220928151624.0
006 a|||||r|||| 00| 0
007 ta
008 220927b |||||||| |||| 00| 0 eng d
024 _a128992
037 _cTextual
040 _aSDCL
_cSDCL
_beng
041 _2eng
_aeng
082 _aO:g, K8
100 _aBrereton Geoffrey
_9500380
245 0 _aPrinciples of tragedy
_b A rational examination of the tragic concept in life and literature
260 _c1968
942 _hO:g, K8
_cTEXL
_2CC
999 _c852152
_d852152